000 00843nam a2200277 i 4500
001 000015199
003 DO-SdBNP
005 20240412074242.0
007 ta
008 100203s 2009 dr 000 j spa d
020 _a9789993442929
040 _aDO-SdBNP
_bspa
_cBNPHU
_erda
082 4 _aRD863.44
_bR175o
_222
100 1 _aRamos, Emelda,
_d1948-
_91915
_eautor
245 1 4 _aLos oficios y placeres de Miralvalle /
_cEmelda Ramos.
264 _aSanto Domingo :
_bRumbo Norte,
_c2009.
300 _a104 páginas ;
_c24 cm.
336 _2rdacontent
_atexto
_btxt
337 _2rdamedia
_asin mediación
_bn
338 _2rdacarrier
_avolumen
_bnc
590 _aInventariado, 2020/MAA
650 1 0 _aCuentos dominicanos
_9176
650 1 0 _aLiteratura dominicana.
_967
910 _aValidado. Control de calidad MMOLINA
942 _2ddc
_cLBS1
999 _c14770
_d14770